Matière et mémoire. (Registro nro. 324439)
[ vista simple ]
| 000 -ENCABEZADO | |
|---|---|
| Número de control [NR] | 01983nam a22002897a 4500 |
| 005 - FECHA Y HORA DE LA ÚLTIMA TRANSACCIÓN | |
| control field | 20240719130527.0 |
| 008 - DE LONGITUD FIJA DE DATOS DE ELEMENTOS - INFORMACIÓN GENERAL | |
| Elementos de longitud fija [NR] | 130821s1934 fr fr 1 fre |
| 040 ## - FUENTE DE CATALOGACION [NR] | |
| Agencia de catalogación original [NR] | Co-BoUCM |
| Idioma de catalogación [NR] | spa |
| Quien Cataloga | Sandra Yazo (modificó) |
| Quien Clasifica | Sandra Yazo (modificó) |
| 041 0# - CODIGO DE IDIOMA [R] | |
| Código de idioma para texto/pista de sonido o título separado [R] | Francés |
| 082 04 - NUMERO DE CLASIFICACION DECIMAL DEWEY [R] | |
| Número de clasificación [R] | 124 |
| Número de la edición [NR] | 20 |
| 092 ## - SIGNATURA TOPOGRAFICA LOCAL | |
| Número de clasificación local | E54N005 |
| 100 1# - ASIENTO PRINCIPAL--NOMBRE PERSONAL [NR] | |
| Nombre personal [NR] | Bergson, Henri |
| Fechas asociadas con el nombre [NR] | 1859-1941 |
| ID Autoridad | 92796 |
| 242 00 - TRADUCCION DEL TITULO POR LA AGENCIA CATALOGADORA [R] | |
| Título [NR] | Materia y memoria. |
| Parte restante del título [NR] | Ensayo sobre las relaciones entre cuerpo y espíritu, |
| Mención de responsabilidad, etc. [NR] | Por Enrique Bergson |
| Código de idioma del título traducido [NR] | spa |
| 245 10 - MENCION DE TITULO [NR] | |
| Título [NR] | Matière et mémoire. |
| Parte restante del título [NR] | Essai sur la relation du corps à l’esprit. |
| Mención de responsabilidad, etc. [NR] | Par Henri Bergson. |
| 250 ## - MENCION DE EDICION [NR] | |
| Mención de edición [NR] | Vingt-huitième édition [Vigésima octava edición] |
| 260 ## - PUBLICACION, DISTRIBUCION, ETC. (PIE DE IMPRENTA) [R] | |
| Lugar de publicación, distribución, etc. [R] | París (Francia) |
| Nombre del editor, distribuidor, etc. [R] | Librairie Félix Alcan ; Imprimerie Hérissey [Librería Félix Alcan ; Imprenta Herissey] |
| Fecha de publicación, distribución, etc. [R] | 1934 |
| 300 ## - DESCRIPCION FISICA [R] | |
| Extensión [R] | xii, 279, [1] páginas |
| Dimensiones [R] | 22 X 14 cm |
| 500 ## - NOTA GENERAL [R] | |
| Nota general [NR] | Detalles físicos: Sin encuadernación original. Actualmente, encuadernación rígida (holandesa) en cartón forrado en papel con lomo de tela y letras y líneas decorativas en dorado y en buen estado. Guardas. Anteportada. Portada impresa en una sola tinta. Texto impreso en una sola columna con diferentes tipos y tamaños de letra. Notas de pie de página. Algunas imágenes dentro del texto (págs.165 y 177). Márgenes amplios. Índice final. Cortes decorados con jaspeados rojos. Indicios de cinta pegante antigua en lomo y tapas. |
| 505 0# - NOTA DE CONTENIDO CON FORMATO PREESTABLECIDO [R] | |
| Nota de contenido con formato preestablecido [NR] | Palabras iniciales ; Selección de imágenes para la representación, papel del cuerpo ; Reconocimiento de las imágenes, la memoria y el cerebro ; Permanencia de las imágenes ; La memoria y el espíritu ; Delimitación y fijación de las imágenes ; Percepción y materia ; Alma y cuerpo ; Resumen final y conclusión. |
| 506 ## - NOTA DE RESTRICCIONES DE ACCESO [R] | |
| Condiciones de acceso [NR] | Consulta en sala |
| 546 ## - NOTA DE IDIOMA [R] | |
| Nota de idioma [NR] | Texto en francés |
| 650 #7 - ASIENTO SECUNDARIO DE MATERIA - TERMINO TEMATICO [R] | |
| Término temático o nombre geográfico como elemento de entrada [NR] | Fe y razón |
| 9 (RLIN) | 15615 |
| 650 #7 - ASIENTO SECUNDARIO DE MATERIA - TERMINO TEMATICO [R] | |
| Término temático o nombre geográfico como elemento de entrada [NR] | Filosofía y religión |
| 9 (RLIN) | 15856 |
| 650 #7 - ASIENTO SECUNDARIO DE MATERIA - TERMINO TEMATICO [R] | |
| Término temático o nombre geográfico como elemento de entrada [NR] | Memoria (Filosofía) |
| 9 (RLIN) | 19278 |
| 690 ## - ASUNTO AGREGADO LOCAL DE ENTRADA - TÉRMINO TEMÁTICO (OCLC, RLIN) | |
| Acceso temático local | Filosofía |
| 9 (RLIN) | 75 |
| 942 ## - ELEMENTOS DE ENTRADA AGREGADOS (KOHA) | |
| Tipo de ítem principal el descrito en 300a | Libro |
| Tema principal | 2 |
| Edición | 28 |
| Título oculto en OPAC | No |
| Sistema de clasificación | LOCAL |
| Clasificación | E54N005 |
| Suprimido | Perdido | Sistema de clasificación | Dañado | No prestable | Tipo de ítem específico | Ubicación habitual | Ubicación actual | Localización | Fecha de creación | Forma de adquisición | Total préstamos | Signatura topográfica | Código de barras | Última vez visto | Ejemplar | Price effective from | Tipo de ítem |
|---|---|---|---|---|---|---|---|---|---|---|---|---|---|---|---|---|---|
| LOCAL | Libro archivo | Archivo Histórico | Archivo Histórico | Archivo histórico | 19/07/2024 | Donación | E54N005 | L007145 | 19/07/2024 | Ej.1 | 19/07/2024 | Libro |